| 000 | 00361nam a2200145Ia 4500 | ||
|---|---|---|---|
| 999 |
_c10527 _d10527 |
||
| 003 | OSt | ||
| 005 | 20220329170042.0 | ||
| 008 | 220318s9999 xx 000 0 und d | ||
| 020 | _a9788192816128 | ||
| 082 | _a721.0447 | ||
| 100 | _aPérez, Fernando, 1969- | ||
| 245 | 0 | _aArchitectural Material And Detail Structure Metal | |
| 260 | _aMBS/DESIGN | ||
| 942 | _2ddc | ||